Historia del periodismo español / (Record no. 72946)

MARC details
000 -LEADER
campo de control de longitud fija 00929nam a2200229 i 4500
001 - NÚMERO DE CONTROL
campo de control 72946
003 - IDENTIFICADOR DE NÚMERO DE CONTROL
campo de control ES-MaACL
005 - FECHA Y HORA DE LA ÚLTIMA TRANSACCIÓN
campo de control 20250825075840.0
007 - CAMPO FIJO DE DESCRIPCIÓN FÍSICA--INFORMACIÓN GENERAL
campo de control de longitud fija t|
008 - DATOS DE LONGITUD FIJA--INFORMACIÓN GENERAL
campo de control de longitud fija 040903m19671981sp ||||1| spa d
080 ## - NÚMERO DE LA CLASIFICACIÓN DECIMAL UNIVERSAL
Número de la Clasificación Decimal Universal 07(46)(091)
100 1# - ENTRADA PRINCIPAL--NOMBRE DE PERSONA
Nombre de persona Gómez Aparicio, Pedro,
Fechas asociadas al nombre 1903-1983
Término indicativo de función/relación Autor
9 (RLIN) 57818
245 10 - MENCIÓN DEL TÍTULO
Título Historia del periodismo español /
Mención de responsabilidad, etc. Pedro Gómez Aparicio.
260 ## - PUBLICACIÓN, DISTRIBUCIÓN, ETC.
Lugar de publicación, distribución, etc. Madrid :
Nombre del editor, distribuidor, etc. Editora Nacional,
Fecha de publicación, distribución, etc. 1967-1981.
300 ## - DESCRIPCIÓN FÍSICA
Extensión 4 volúmenes ;
Dimensiones 25 cm.
505 0# - NOTA DE CONTENIDO CON FORMATO
Nota de contenido con formato Vol. I: Desde la Gaceta de Madrid (1661) hasta el destronamiento de Isabel II - v. II: De la Revolución de septiembre al desastre colonial - v. III: De las guerras coloniales a la dictadura - v. IV: De la dictadura a la guerra civil
650 04 - PUNTO DE ACCESO ADICIONAL DE MATERIA--TÉRMINO DE MATERIA
Término de materia o nombre geográfico como elemento de entrada Periodismo-
Subdivisión geográfica España-
Subdivisión de forma Historia
9 (RLIN) 15945
852 ## - LOCALIZACIÓN
Ubicación ES-MaACL
Sublocalización o colección R.89281
Ubicación en estantería Depósito 2
Número de control de estantería C-56442-45
942 ## - ELEMENTOS DE ENTRADA SECUNDARIOS (KOHA)
Fuente del sistema de clasificación o colocación Clasificación decimal universal
Tipo de ítem Koha Libro impreso
Suprimir en OPAC No
Holdings
Estatus retirado Estado de pérdida Fuente del sistema de clasificación o colocación Estado de daño No para préstamo Biblioteca de origen Biblioteca actual Ubicación en estantería Fecha de adquisición Total de préstamos Signatura topográfica completa Código de barras Visto por última vez Tipo de ítem Koha
    Clasificación decimal universal     Biblioteca del Ateneo de Madrid Biblioteca del Ateneo de Madrid Depósito 2 17/01/2008   C-56442-45 1076361 23/02/2023 Libro impreso